Level 1: Text Production & Word Processing (Record no. 1283)

MARC details
005 - DATE AND TIME OF LATEST TRANSACTION
control field 20250410150019.0
020 ## - INTERNATIONAL STANDARD BOOK NUMBER
International Standard Book Number 978-0-435-45366-4
082 ## - DEWEY DECIMAL CLASSIFICATION NUMBER
Classification number 652 SPE
100 ## - MAIN ENTRY--PERSONAL NAME
Author name SPENCER, S.
245 ## - TITLE STATEMENT
Title Level 1: Text Production & Word Processing
260 ## - PUBLICATION, DISTRIBUTION, ETC.
Place of publication, distribution, etc. Wales,
Name of publisher, distributor, etc. Heinemann,
Date of publication, distribution, etc. 2004.
300 ## - PHYSICAL DESCRIPTION
Extent v, 170p.: ill.; figure, table.
Dimensions 30cm.
Accompanying material CD
942 ## - ADDED ENTRY ELEMENTS (KOHA)
Source of classification or shelving scheme Dewey Decimal Classification
Koha item type Books
Holdings
Date last seen Total checkouts Full call number Barcode Cost, replacement price Price effective from Koha item type Lost status Source of classification or shelving scheme Damaged status Not for loan Withdrawn status Home library Current library Shelving location Date acquired Cost, normal purchase price
04/10/2025   652 SPE 0000005018 90000.00 04/10/2025 Books   Dewey Decimal Classification       College of Business Education Main Library College of Business Education Main Library General Collection 04/10/2025 30000.00